European Country Letter Count - Statistics

General Stats
  • This quiz has been taken 66 times
  • The average score is 7 of 10
Answer Stats
# of Letters Name a Country... # of Countries % Correct
7 Letters Albania | Andorra | Austria | Belarus | Belgium | Croatia | Denmark | Estonia | Finland | Germany | Hungary | Iceland | Ireland | Moldova | Romania | Ukraine 16
98%
6 Letters Cyprus | France | Greece | Kosovo | Latvia | Monaco | Norway | Poland | Russia | Serbia | Sweden 11
96%
5 Letters Italy | Malta | Spain 3
95%
8 Letters Bulgaria | Portugal | Slovakia | Slovenia 4
82%
13 Letters Liechtenstein | United Kingdom | Czech Republic 3
79%
11 Letters Netherlands | Switzerland | Vatican City 3
67%
10 Letters Luxembourg | Montenegro 2
61%
20 Letters Bosnia and Herzegovina 1
60%
9 Letters Lithuania | San Marino 2
58%
14 Letters North Macedonia 1
40%
No matching quizzes found
Score Distribution
Percent of People with Each Score
Percentile by Number Answered
Your Score History
You have not taken this quiz